AH International Schools' Libraries

How Mountains are made / (Record no. 49498)

MARC details
000 -LEADER
fixed length control field 01075nam a2200157 4500
020 ## - INTERNATIONAL STANDARD BOOK NUMBER
International Standard Book Number 9780064451284
100 ## - MAIN ENTRY--PERSONAL NAME
Personal name Zoehfeld, Kathleen Weidner,
Relator term author.
245 ## - TITLE STATEMENT
Title How Mountains are made /
Statement of responsibility, etc by Kathleen Weidner Zoehfeld.
260 ## - PUBLICATION, DISTRIBUTION, ETC. (IMPRINT)
Place of publication, distribution, etc New York :
Name of publisher, distributor, etc HarperCollins Children's Books ;
Date of publication, distribution, etc 1995.
300 ## - PHYSICAL DESCRIPTION
Extent 32 pages.
Dimensions 25.4 x 0.18 x 20.32 cm.
490 ## - SERIES STATEMENT
Series statement Let's-Read-and-Find-Out Science
Volume number/sequential designation stage 2
500 ## - GENERAL NOTE
General note Read and find out about how mountains are made in this colorfully illustrated nonfiction picture book.<br/><br/>A mountain might be thousands of feet high, but it can still grow taller or shorter each year. This classic picture book explores how mountains are made—including how Mount Everest grew from a flat plain under an ocean to become 29,028 feet tall.<br/><br/>How Mountains Are Made features simple activities and fascinating cross-sections of the earth’s moving crust that clearly explain plate tectonics. Both text and artwork were vetted for accuracy by an expert in the field.
650 ## - SUBJECT ADDED ENTRY--TOPICAL TERM
9 (RLIN) 43394
Topical term or geographic name as entry element Geology.
650 ## - SUBJECT ADDED ENTRY--TOPICAL TERM
9 (RLIN) 31293
Topical term or geographic name as entry element Mountains.
942 ## - ADDED ENTRY ELEMENTS (KOHA)
Source of classification or shelving scheme
Koha item type Book
Holdings
Withdrawn status Lost status Source of classification or shelving scheme Damaged status Not for loan Home library Current library Date acquired Total Checkouts Full call number Barcode Date last seen Date checked out Price effective from Koha item type
          Logos International School Logos International School 09/03/2025 1 J 551.43 ZOE 042959 03/23/2026 03/16/2026 09/03/2025 Book

For any Logos Library related questions please contact Miss Art at swongnarasuk@asianhope.org.

For any Asian Hope Library related questions please contact Miss Raza at graza@asianhope.org.

Powered by Koha